Komplexné riešenie robota pre farbenie vzoriek

Salvato in:
Dettagli Bibliografici
Autore principale: Kicsindi, Tomáš, 1988- (Autore)
Altri autori: Czifra, Juraj (Relatore della tesi)
Natura: Manoscritto Libro
Lingua:slovacco
Pubblicazione: Trnava : STU v Bratislave MTF UIAM, 2013
Soggetti:
Accesso online:VAIS
Tags: Aggiungi Tag
Nessun Tag, puoi essere il primo ad aggiungerne!!

MARC

LEADER 00000ntm a22000003a 4500
001 stu268067
005 20160719160747.9
008 130612s2013----xo------------------slo-d
040 |a STU  |b slo 
041 0 |a slo 
044 |a xo 
100 1 |a Kicsindi, Tomáš,  |d 1988-  |4 aut  |X 57089  |7 A000057089 
242 0 0 |a Complex solution of a robot for samples colouring  |y eng 
245 1 |a Komplexné riešenie robota pre farbenie vzoriek 
260 |a Trnava :  |b STU v Bratislave MTF UIAM,  |c 2013 
650 7 |a simulation  |2 estusub 
650 7 |a simulácia  |2 stusub 
700 1 |a Czifra, Juraj  |4 ths  |u M360  |T MTF Detašované pracovisko v Komárne  |X 239  |U M360  |Y M360  |7 A000000239 
856 4 |a info a plný text  |u http://is.stuba.sk/zp/portal_zp.pl?podrobnosti=103404  |3 VAIS 
996 |c M*DP-11578  |l MMSKP  |s P  |a 0  |w stu268067_0001